|
|
|
|
| LEADER |
01394nam a22003137a 4500 |
| 001 |
34205 |
| 003 |
BD-DhAAL |
| 005 |
20211125115413.0 |
| 008 |
190124t20112016bg a|||| |||| 00| 0 ben d |
| 999 |
|
|
|c 40382
|d 40382
|
| 020 |
|
|
|a 9789848792032
|
| 040 |
|
|
|a BD-DhAAL
|
| 041 |
|
|
|a ben
|a eng
|
| 082 |
|
|
|a 368
|2 23
|
| 100 |
|
|
|a পাল, নিরমল চন্দ্র
|9 29785
|
| 245 |
|
|
|a বীমা আইন /
|b নিরমল চন্দ্র পাল
|
| 246 |
|
|
|a Laws on insurance /
|
| 250 |
|
|
|a তৃতীয় সংস্করণ ২০১৬
|
| 260 |
|
|
|a ঢাকা :
|b সামছ পাবলিকেশন্স,
|c ২০১৬
|
| 300 |
|
|
|a ৭৭২ পৃষ্ঠা :
|b চিত্র ;
|c ২২ সে.মি.
|
| 526 |
|
|
|a SOL
|
| 541 |
|
|
|a Development book agency
|e 34204, 34205
|
| 650 |
|
|
|a Insurance
|9 29786
|
| 650 |
|
|
|a Insurance law
|9 29790
|
| 650 |
|
|
|a Law.
|9 43158
|
| 852 |
|
|
|a Ayesha Abed Library
|c General Stacks
|
| 942 |
|
|
|2 ddc
|c BK
|
| 952 |
|
|
|0 0
|1 0
|2 ddc
|4 0
|6 368_000000000000000_PAU
|7 0
|9 64902
|a BRACUL
|b BRACUL
|c GEN
|d 2019-01-06
|e Development Book Agency
|g 1300.00
|l 1
|m 29
|o 368 PAU
|p 3010034205
|r 2022-12-18
|s 2022-05-30
|t 2
|v 1300.00
|w 2019-01-06
|y BK
|
| 952 |
|
|
|0 0
|1 0
|2 ddc
|4 0
|6 368_000000000000000_PAU
|7 0
|9 64903
|a BRACUL
|b BRACUL
|c GEN
|d 2019-01-06
|e Development Book Agency
|g 1300.00
|l 2
|m 4
|o 368 PAU
|p 3010034204
|r 2022-12-29
|s 2022-11-28
|t 1
|v 1300.00
|w 2019-01-06
|y BK
|